Los libros de Mesonero Romanos y las lecturas de su tiempo / (Record no. 67249)

MARC details
000 -LEADER
campo de control de longitud fija 01017nam a2200241 i 4500
001 - NÚMERO DE CONTROL
campo de control 67249
003 - IDENTIFICADOR DE NÚMERO DE CONTROL
campo de control ES-MaACL
005 - FECHA Y HORA DE LA ÚLTIMA TRANSACCIÓN
campo de control 20260302142354.0
007 - CAMPO FIJO DE DESCRIPCIÓN FÍSICA--INFORMACIÓN GENERAL
campo de control de longitud fija t|
008 - DATOS DE LONGITUD FIJA--INFORMACIÓN GENERAL
campo de control de longitud fija 040511s2004 sp |||| | spa d
080 ## - NÚMERO DE LA CLASIFICACIÓN DECIMAL UNIVERSAL
Número de la Clasificación Decimal Universal 929 Mesonero Romanos, Ramón de
100 0# - ENTRADA PRINCIPAL--NOMBRE DE PERSONA
Nombre de persona Martínez Martín, Jesús A.
Fechas asociadas al nombre 1958-
9 (RLIN) 78202
245 14 - MENCIÓN DEL TÍTULO
Título Los libros de Mesonero Romanos y las lecturas de su tiempo /
Mención de responsabilidad, etc. por Jesús A. Martínez Martín.
260 ## - PUBLICACIÓN, DISTRIBUCIÓN, ETC.
Lugar de publicación, distribución, etc. Madrid :
Nombre del editor, distribuidor, etc. Ayuntamiento de Madrid, Concejalía de Gobierno de las Artes :
-- Instituto de Estudios Madrileños,
Fecha de publicación, distribución, etc. 2004.
300 ## - DESCRIPCIÓN FÍSICA
Extensión 32 p. ;
Dimensiones 21 cm.
490 1# - MENCIÓN DE SERIE
Mención de serie Ciclo de conferencias: Don Ramón de Mesonero Romanos y su tiempo ;
Designación de volumen o secuencia 15
500 ## - NOTA GENERAL
Nota general Precede al tít.: Centro Mesonero Romanos.
600 14 - PUNTO DE ACCESO ADICIONAL DE MATERIA--NOMBRE DE PERSONA
Nombre de persona Mesonero Romanos, Ramón de,
Fechas asociadas al nombre 1803-1882-
Subdivisión general Biblioteca
9 (RLIN) 80673
710 2# - ENTRADA AGREGADA--NOMBRE DE ENTIDAD CORPORATIVA
Nombre de entidad corporativa o nombre de jurisdicción como elemento de entrada Instituto de Estudios Madrileños
9 (RLIN) 4916
830 0# - PUNTO DE ACCESO ADICIONAL DE SERIE-TÍTULO UNIFORME
Título uniforme Ciclo de conferencias: Don Ramón de Mesonero Romanos y su tiempo ;
Designación de volumen o secuencia 15
9 (RLIN) 183143
852 ## - LOCALIZACIÓN
Ubicación ES-MaACL
Número de control de estantería 2175-F-18
Holdings
Estatus retirado Estado de pérdida Estado de daño No para préstamo Colección Biblioteca de origen Biblioteca actual Ubicación en estantería Fecha de adquisición Fuente de adquisición Total de préstamos Signatura topográfica completa Código de barras Visto por última vez Precio de reemplazo Tipo de ítem Koha
        Colección de folletos Biblioteca del Ateneo de Madrid Biblioteca del Ateneo de Madrid Depósito folletos 17/01/2008     2175-F-18 1070424 23/02/2023 23/02/2023 Folleto